000 01881nam a22002777a 4500
008 170114s2015 xxu||||| |||| 00| 0 spa d
020 _a9780692539774
082 0 4 _a707
_bD536d
110 1 _aDialogicCENTRALsolutions.
_95695
245 1 0 _aDialogicCENTRALsolutions /
_ccuraduría por Roc Lesaca ; ArtCenter/South Florida.
250 _a1a ed.
260 _aFlorida, Estados Unidos :
_bArtCenter/South Florida,
_c2015.
300 _a7 volúmenes.
500 _aAdicional a la publicación de esta serie, el programa DialogicCENTRALsolutions presentó el simposio "Central What? Central America!", sobre la práctica del arte contemporáneo en la región, así como una exhibición y performance a cargo de la artista guatemalteca Regina José Galindo.
505 0 _tEl sueño de ser Centroamérica (o el amor a la vida) / The dream of beign Central America (or the love of live)
_rMarvi Véliz.
_t/
_rRegina José Galindo.
_tContemporary El Salvador speaks / El Salvador contempóraneo habla /
_rClaire Breukel.
_tPanawhat? en busca de la identidad panameña / Panawhat? in search of the panamanian identity
_rDarién Montañez.
_tFOCA especulación sobre las nuevas direcciones de la fotográfia Centroamericana / Speculation on new directions in Central American photography /
_rWalterio Iraheta.
_tAnti-postales de Miami what? / Antipostcards of Miami what?
_rRosina Cazali.
_tTEOR/ética: la persistencia de un lugar en proceso / TEOR/ética: the persistence of a place in process /
_rGabriela Saénz-Shelby.
653 1 0 _aArte contemporáneo
653 1 0 _aArte - Centroamérica
653 1 0 _aArte - Investigación
653 1 0 _aArte - Crítica e investigación
653 1 0 _aIdentidad artística
653 1 0 _aArte - Costa Rica
653 1 0 _aArte - Salvador
653 1 0 _aArte - Panamá
653 1 0 _aArtistas centroamericanos
700 1 _aLesaca, Roc.
_ecurador.
_95696
999 _c1115
_d1115